| Tag |
First Indicator |
Second Indicator |
Subfields |
| LEADER |
00000cem a2200000 a 4500 |
| 001 |
in00002000466 |
| 005 |
20151031130939.0 |
| 007 |
ad canzn |
| 008 |
041105s2004 cc cg e i 0 eng |
| 010 |
|
|
|a 2005629202
|
| 020 |
|
|
|a 750313450X
|
| 034 |
0 |
|
|a a
|
| 035 |
|
|
|a (OCoLC)ocm60634959
|
| 040 |
|
|
|a DLC
|c DLC
|d UtOrBLW
|
| 043 |
|
|
|a a-cc---
|
| 049 |
|
|
|a TXAM
|
| 050 |
0 |
0 |
|a G2306.E635 2004
|b .N3
|
| 052 |
|
|
|a 7821
|
| 110 |
2 |
|
|a Zhongguo lian he guo jiao ke wen zu zhi quan guo wei yuan hui.
|
| 245 |
1 |
0 |
|a Atlas of world heritage.
|p China /
|c compiled by National Commission of the People's Republic of China for UNESCO ; SinoMaps Press.
|
| 246 |
1 |
|
|i Alternate title on t.p. verso in Chinese:
|a Shijie yi chan di tu ji, Zhongguo juan
|
| 255 |
|
|
|a Scales differ.
|
| 264 |
|
1 |
|a Beijing, [China] :
|b Zhongguo di tu chu ban she,
|c [2004]
|
| 264 |
|
4 |
|c ©2004
|
| 300 |
|
|
|a 1 atlas (187 pages) :
|b color illustrations, color maps ;
|c 31 cm.
|
| 336 |
|
|
|a cartographic image
|b cri
|2 rdacontent
|
| 337 |
|
|
|a unmediated
|b n
|2 rdamedia
|
| 338 |
|
|
|a volume
|b nc
|2 rdacarrier
|
| 500 |
|
|
|a Shows 29 world heritage sites in China.
|
| 500 |
|
|
|a Relief shown by gradient tints and spot heights.
|
| 546 |
|
|
|a In English. Cataloging records on verso of the title page also in Chinese.
|
| 500 |
|
|
|a Includes appendix.
|
| 500 |
|
|
|a Cartographic material.
|
| 650 |
|
0 |
|a Historic sites
|z China
|v Maps.
|
| 650 |
|
0 |
|a Natural areas
|z China
|v Maps.
|
| 650 |
|
0 |
|a World Heritage areas
|z China
|v Maps.
|
| 710 |
2 |
|
|a Zhongguo di tu chu ban she.
|
| 948 |
|
|
|a cataloged
|b h
|c 2006/2/9
|d c
|e kyu
|f 2:02:19 pm
|
| 994 |
|
|
|a C0
|b TXA
|
| 999 |
|
|
|a MARS
|
| 999 |
f |
f |
|s 224cbe76-af8f-3e0e-b48b-f90b8e072810
|i d0015f76-7809-3af6-95f1-53305904d4df
|t 0
|
| 952 |
f |
f |
|p ric
|a Texas A&M University
|b Rellis Campus
|c Joint Library Facility
|d Remote Storage
|t 0
|e G2306.E635 2004 .N3
|h Library of Congress classification
|i unmediated -- volume
|m A14833046480
|
| 998 |
f |
f |
|a G2306.E635 2004 .N3
|t 0
|l Remote Storage
|